000 00846nam a22002417a 4500
003 DO-SdBNP
005 20220511121732.0
008 110301s2021 dr 000 0 spa d
020 _a9789945628753
040 _aDO-SdBNP
_bspa
_cBNPHU
082 4 _axxxx
_bT233m
100 1 _aTaveras Jiménez, Carmen Josefina
_953018
_eDra.
245 1 0 _aMujer empoderada y en tenis /
_cCarmen Josefina Taveras Jiménez ; prólogo Gerlyn Martínez
260 _aSanto Domingo :
_bBien-etre media group,
_c2021.
300 _a149, [12] p. :
_c23 cm.
500 _aIncluye datos biográficos de la autora.
504 _aBibliografía p: 151-152
590 _aInventariado, 2022/ YL
590 _aLa biblioteca posee un (1) ejemplar autografiado por la autora.
700 1 2 _aMartínez, Gerlyn
_eprol.
_981590
910 _aYLockward
942 _2ddc
_cLBS1
999 _c51698
_d51698